000 00970nam a22002297a 4500
001 3972
003 FISKH
005 20240528155636.0
008 240528b cb ||||| |||| 00| 0 eng d
020 _a9781403723390
040 _aFISKH
_beng
_cFISKH
_dFISKH
082 _a741.5
100 _aDisney, Walt
_d1901-1966.
245 _aWalt Disney's donald duck :
_cStory written and illustrated by the staff of the Walt Disney company
250 _a2006
_bRepublished from the original
260 _aFranklin :
_bDalmation Press,
_c1935
300 _a14 unnumbered pages :
_c31 cm
520 _aThis is a recreation of the original 1935 Disney storybook, right down to the canvas-like pages. Presented to you by Disney Enterprises Inc as part of the Vintage Collection. Bright, colorful characters on bright-white pages, and clean type will make this something to treasure for years to come.
521 8 _a410
_bLexile
521 8 _aF
_bRaz-Plus
942 _2ddc
_cBK
_n0
999 _c3972
_d3972